Afrykańskie miasta/miejsca po zdjęciach - Statystyki

Ogólne statystyki
  • Ten quiz został rozwiązany 25 razy
  • Średni wynik to 5 z 18
Statystyki odpowiedzi
Obrazkowy Odpowiedź % Poprawnych
Giza
100%
Kilimandżaro
62%
Sahara
62%
Wodospady Wiktorii
52%
Kair
48%
Kalahari
38%
Kapsztad
38%
Marrakesz
24%
Serengeti
24%
Casablanca
19%
Abu Simbel (Świątynia Ramzesa II)
10%
Algier
10%
Dżenne
10%
Windhuk
10%
Akra
5%
Dar es Salaam
5%
Gaborone
5%
Johannesburg
5%
Nie znaleziono quizów pasujących do podanych kryteriów
Rozkład punktacji
Procent ludzi z każdym wynikiem
Percentyl według liczby udzielonych odpowiedzi
Twoja historia wyników
Nie rozwiązałeś tego quizu